UNINFOS 2009 (Univerzitné informačné systémy) zborník abstraktov z medzinárodnej konferencie, Nitra, 25.-27. november 2009
Uložené v:
| Korporácia: | , , |
|---|---|
| Ďalší autori: | |
| Médium: | Kniha |
| Jazyk: | Slovak English Czech |
| Vydavateľské údaje: |
Nitra
Slovenská poľnohospodárska univerzita v Nitre
2009
|
| Predmet: | |
| Tagy: |
Žiadne tagy, Buďte prvý, kto otaguje tento záznam!
|
MARC
| LEADER | 00000nam a2200000 4500 | ||
|---|---|---|---|
| 001 | 0108787 | ||
| 005 | 20181203151138.8 | ||
| 020 | |a 978-80-552-0311-9 | ||
| 041 | 0 | |a slo | |
| 041 | 0 | |a eng | |
| 041 | 0 | |a cze | |
| 044 | |a SK | ||
| 245 | 1 | 0 | |a UNINFOS 2009 (Univerzitné informačné systémy) |b zborník abstraktov z medzinárodnej konferencie, Nitra, 25.-27. november 2009 |c zostavovateľ Ľubica Jedličková |
| 264 | 1 | |a Nitra |b Slovenská poľnohospodárska univerzita v Nitre |c 2009 | |
| 300 | |a 41 s. | ||
| 610 | 2 | 0 | |a systémy informačné |
| 610 | 2 | 0 | |a technológie informačné |
| 610 | 2 | 0 | |a školy vysoké |
| 610 | 2 | 0 | |a univerzity |
| 610 | 2 | 0 | |a internet |
| 700 | 1 | |a Jedličková, Ľubica | |
| 110 | 2 | |a UNINFOS 2009. Medzinárodná konferencia | |
| 710 | 2 | |a Slovenská poľnohospodárska univerzita v Nitre | |
| 710 | 2 | |a Združenie EUNIS Slovensko | |